[Event "Arab-ch U20 Girls"]
[Site "Amman"]
[Date "2014.08.23"]
[Round "2.4"]
[White "Wafa, Shrook"]
[Black "Al Zarouni, Aisha"]
[Result "1-0"]
[WhiteElo "2065"]
[BlackElo "1689"]
[PlyCount "83"]
[EventDate "2014.08.22"]
[EventType "swiss"]
[EventRounds "9"]
[EventCountry "JOR"]
[SourceTitle "EXT 2024"]
[Source "ChessBase"]
[SourceDate "2023.10.10"]
[SourceVersion "1"]
[SourceVersionDate "2023.10.10"]
[SourceQuality "1"]

1. e4 c6 2. d4 d5 3. f3 Qb6 4. Nc3 dxe4 5. fxe4 Nf6 6. e5 Nd5 7. Nxd5 cxd5 8. Nf3 Bg4 9. Be2 e6 10. c3 Be7 11. 0-0 0-0 12. Qe1 Qd8 13. Qg3 Bh5 14. Bd3 Bg6 15. Bxg6 hxg6 16. Bg5 Nc6 17. Bxe7 Nxe7 18. Ng5 Nf5 19. Rxf5 gxf5 20. Qh4 Re8 21. Qh7+ Kf8 22. Qh8+ Ke7 23. Qxg7 Rf8 24. Nh7 Rg8 25. Qf6+ Ke8 26. Qh6 Ke7 27. Nf6 Rg6 28. Qh4 Kf8 29. Rf1 Rxf6 30. Qh8+ Ke7 31. Qxf6+ Ke8 32. Qg7 Qe7 33. g4 fxg4 34. Qg8+ Qf8 35. Qxg4 Kd7 36. Kh1 Re8 37. c4 dxc4 38. d5 Re7 39. d6 Re8 40. Qxc4 Rc8 41. Qb5+ Kd8 42. Qxb7 1-0

[Event "Olympiad Women-41"]
[Site "Tromsoe"]
[Date "2014.08.08"]
[Round "6.3"]
[White "Fronda Pascua, Jan Jodilyn"]
[Black "Al Zarouni, Aisha"]
[Result "1-0"]
[WhiteElo "2098"]
[BlackElo "1689"]
[PlyCount "69"]
[EventDate "2014.08.02"]
[EventType "team-swiss"]
[EventRounds "11"]
[EventCountry "NOR"]
[SourceTitle "CBM 162"]
[Source "ChessBase"]
[SourceDate "2014.09.17"]
[SourceVersion "1"]
[SourceVersionDate "2014.09.17"]
[SourceQuality "1"]
[WhiteTeam "Philippines (W)"]
[BlackTeam "United Arab Emirates (W)"]
[WhiteTeamCountry "PHI"]
[BlackTeamCountry "UAE"]

1. e4 d5 2. exd5 Qxd5 3. Nc3 Qd6 4. d4 e5 5. Nf3 Bg4 6. dxe5 Qxd1+ 7. Nxd1 Nc6 8. Bb5 0-0-0 9. Bxc6 bxc6 10. h3 Bh5 11. Be3 Kb7 12. 0-0 Re8 13. Bd4 Ne7 14. Ne3 Nd5 15. Rfe1 Bxf3 16. gxf3 Nf4 17. Kh2 Ne6 18. Bc3 Bc5 19. Rad1 Rd8 20. Kg3 Rhe8 21. b4 Bd4 22. Bxd4 Nxd4 23. c3 Nb5 24. Rxd8 Rxd8 25. Rd1 Re8 26. Rd3 Rxe5 27. c4 Nd6 28. c5 Ne8 29. Nc4 Re6 30. Rd7 f6 31. Rd8 Ka6 32. a4 Kb7 33. Na5+ Ka6 34. Rb8 g6 35. Nc4 1-0